000 00503nam a2200181Ia 4500
008 100920s9999 xx 000 0 und d
082 _b69405
_a--- थ 96
100 _aबोरकर वि.ज.
245 _aवंश.
260 _bमौज प्रकाशन गृह, मुंबई.
_c1996
300 _a103
_bसाधी
365 _b70
520 _aकादंबरी.
630 _aवंश.
650 _aकादंबरी.
730 _aवंश.
942 _cBOOK
999 _c711582
_d711579